Financial Modeling and Valuation <A> Practical Guide to Investment Banking and Private Equity
Guardado en:
| Autor principal: | |
|---|---|
| Formato: | Libro |
| Lenguaje: | inglés |
| Publicado: |
Hoboken
WILEY
2013
|
| Colección: | Wiley Finance Series
|
| Materias: | |
| Etiquetas: |
Sin Etiquetas, Sea el primero en etiquetar este registro!
|
MARC
| LEADER | 00000nam a2200000 4500 | ||
|---|---|---|---|
| 001 | 0259750 | ||
| 005 | 20240306140258.0 | ||
| 020 | |a 978-1-118-55876-8 | ||
| 020 | |a 978-1-118-55874-4 | ||
| 041 | 0 | |a eng | |
| 044 | |a US | ||
| 245 | 1 | 0 | |a Financial Modeling and Valuation |b <A> Practical Guide to Investment Banking and Private Equity |c Paul Pignataro |
| 264 | 1 | |a Hoboken |b WILEY |c 2013 | |
| 300 | |a 409 s. | ||
| 490 | 1 | |a Wiley Finance Series | |
| 830 | 0 | |a Wiley Finance Series | |
| 610 | 2 | 0 | |a bankovníctvo investičné |
| 610 | 2 | 0 | |a majetok súkromný |
| 610 | 2 | 0 | |a modelovanie finančné |
| 610 | 2 | 0 | |a hodnota podniku |
| 610 | 2 | 0 | |a spoločnosti obchodné |
| 610 | 2 | 0 | |a akcie |
| 100 | 1 | |a Pignataro, Paul | |